000 00573nam a22001577a 4500
003 macl
005 20191203122432.0
008 191203b xxu||||| |||| 00| 0 eng d
040 _cmacl
082 _a800/AWA
100 _aअवस्‍थी ,डॉ .मीनू
_977412
245 _aआचार्य कवि गंगाधर द्विजगंग व्‍यक्ति और रचनाकार
260 _aलखनऊ
_bसुलभ प्रकाशन
_c2014
650 _aकाव्‍यसमीक्षा
_977413
942 _2ddc
_cHIN
999 _c61489
_d61489